Recyklovanie vratných zlievarenských silumínov = Recycling reversible of foundry Al - Si alloys : Diplomová práca

Saved in:
Bibliographic Details
Main Author: Srnková, Zuzana (Author)
Other Authors: Murgaš, Marián, 1945- (xxx)
Format: Manuscript Book
Language:Slovak
Published: Trnava : STU v Bratislave MtF KZl, 2007
Subjects:
Tags: Add Tag
No Tags, Be the first to tag this record!

MARC

LEADER 00000ntm a22000003a 4500
001 stu142858
005 20160719155803.5
008 070629s2007----xo------------------slo-d
040 |a STU  |b slo 
041 0 |a slo 
044 |a xo 
100 1 |a Srnková, Zuzana  |4 aut 
245 1 |a Recyklovanie vratných zlievarenských silumínov = Recycling reversible of foundry Al - Si alloys :  |b Diplomová práca 
260 |a Trnava :  |b STU v Bratislave MtF KZl,  |c 2007 
300 |a 64 s  |c 1 CD-ROM 
500 |a Program: Priemyselné a umelecké zlievarenstvo 
650 7 |a silumíny  |2 stusub 
650 7 |a recyklácia  |2 stusub 
700 1 |a Murgaš, Marián,  |d 1945-  |4 xxx  |u M230  |U MTF Ústav výrobných technológií  |T MTF Katedra zlievarenstva  |X 264  |U M230  |Y M230  |7 A000000264 
996 |b 284M076389  |c M*DP-6536  |l MMSKP  |s P  |a 0  |w stu142858_0001